000 00292nam a22001337a 4500
007 ost
008 131127t xxu||||| |||| 00| 0 eng d
020 _a0-12-194851-x
040 _aASAB
_cASAB
245 _aAntigenic Vatiation
300 _a340
700 _aAlister Craig
_9306
942 _2ddc
_cBK
999 _c16573
_d16573